Who Is The Meme? - Statistics

General Stats
  • This quiz has been taken 47 times
  • The average score is 8 of 16
Answer Stats
Picture Answer % Correct
Drake
91%
Leonardo Dicaprio
85%
Keanu Reeves
72%
Ariana Grande
70%
Kim Kardashian
67%
Miley Cyrus
63%
Bernie Sanders
59%
Bernie Sanders
59%
Oprah
59%
James Charles
57%
Michael Jordan
43%
Meryl Streep
41%
Steve Carell
41%
Chrissy Teigen
17%
Nick Young
11%
James Van Der Beek
2%
No matching quizzes found
Score Distribution
Percent of People with Each Score
Percentile by Number Answered
Your Score History
You have not taken this quiz